00255nam a2200097 a 4500001000500000005001700005008004100022050002600063100001800089245005000107414020140414131934.0090218s19uu xx 00 eng d aREF 591.734bK86 2004 aKratter, Paul aThe Living rain forest :ban animal alphabet.